| 000 | 00668nam a22002057a 4500 | ||
|---|---|---|---|
| 999 |
_c4995 _d4995 |
||
| 003 | AR-CdUCM | ||
| 008 | 190311b ||||| |||| 00| 0 spa d | ||
| 040 |
_aMUNICIPALIDAD PROVINCIAL DEL CUSCO _cBIBLIOTECA MUNICIPAL DEL CUSCO |
||
| 082 |
_a869.26 / _bY26 |
||
| 100 |
_aYánover, Héctor _915284 |
||
| 245 | _aElegía y gloria / | ||
| 260 |
_aBuenos Aires : _bEdiciones del Río Primero, _c1958. |
||
| 300 |
_a118 páginas ; _c19.5 cm. |
||
| 500 | _aDonación de la familia Nieto. | ||
| 650 |
_aPoesía - Argentina - Siglo XX _915285 |
||
| 650 |
_aPoetas argentinos _911817 |
||
| 650 |
_aHector Yanaver - Poemas _915286 |
||
| 942 |
_2ddc _cLIBROS |
||
| 945 | _alccs | ||